000
00213 a2200097 4500
001
58498
100
_a
245
_a
Physics of the vibrations of waves
260
_a
London
_b
Merrill
_c
1986
090
_c
35878
_d
35878
942
_a
NUST-CAE
_c
_c
28755
999
_c
293571
_d
293571